1409 1566 1483 1700 1113 1175 1761 1007 1396 1509 1177 1659 1994 1116 1495 1772 1241 1132 1204 1251 1555 1749 1967 1742 1422 1502 1753 1964 1807 1928 1365 1207 1036 1330 1172 1559 1008 1042 1062 1338 1036 1083 1000 1536 1126 1109 1163 1097 1655 1440 1009 1554 1306 1994 1382 1854 1171 1208 1984 1979 1208 1601 1403 1571 1125 1886 1010 1152 1037 1686 1477 1838 1476 1820 1790 1569 1885 1370 1868 1346 1953 1128 1672 1280 1427 1128 1505 1552 1011 1439 1168 1801 1178 1340 1111 1039 1918 1027 1448 BCNSPRNW ULIB Ver.6.0+V

เปลี่ยนเป็นภาษาไทย

Change to English
 แสดงรายละเอียดบรรณานุกรม
  กลับหน้าหลัก

Brief Record : Get Marc (ISO 2709) : E-mail record : QR code < ปิดหน้าต่าง
LEADER : 00000nam 2200000uu 4500
001    13399114443
003     ULIB
008    120402s2552||||th 000 0 tha d
020    ^a9786167081137
090    ^aนว.^bก217ล 2552
100 0  ^aกระต่ายหมายจันทร์
245 00 ^aเล่ห์รักวิวาห์ชุลมุน/^cกระต่ายหมายจันทร์
250    ^aพิมพ์ครั้งที่ 1
260    ^aกรุงเทพฯ :^bสมาร์ทบุ๊ค,^c2552
300    ^a376 หน้า
710 1  ^aสมาร์ทบุ๊ค
945    ^p240^l0^i16420
995    ^aกัณชพร
999    ^aใช้งานได้ทุกระบบ
รายการนี้ยังไม่มีแท็ก
คุณยังไม่ได้ล็อกอิน คุณสามารถมีกิจกรรมร่วมกับเว็บไซต์ได้ แต่ต้องล็อกอินก่อน ::
  ล็อกอิน

รายการสื่อสารสนเทศ

ลำดับที่ ประเภท เลขเรียก/บาร์โค้ด สถานที่ สถานะ
1. นวนิยาย
นวนิยาย
นว. ก217ล 2552  
  Barcode: 16420
ห้องสมุดวิทยาเขตสวรรค์ประชารักษ์
►นวนิยาย
บนชั้น
  ขอยืม

รายการใกล้เคียง
    ผู้แต่ง [กระต่ายหมายจันทร์]

BibComment


ยังไม่เคยถูกคอมเมนท์

คอมเมนท์ทรัพยากรรายการนี้
  คอมเมนท์: เล่ห์รักวิวาห์ชุ..


 Copyright 2026. Bcnsprnw @Library